[Event "RUS-chT 06th"]
[Site "St Petersburg"]
[Date "1999.05.18"]
[Round "3"]
[White "Fedulov, Alexander"]
[Black "Landa, Konstantin"]
[Result "0-1"]
[WhiteElo "2390"]
[BlackElo "2542"]
[Annotator "Meulders,R"]
[PlyCount "66"]
[EventDate "1999.05.16"]
[EventType "team-tourn"]
[EventRounds "9"]
[EventCountry "RUS"]
[SourceTitle "EXT 2020"]
[Source "ChessBase"]
[SourceDate "2019.10.17"]
[SourceVersion "1"]
[SourceVersionDate "2019.10.17"]
[SourceQuality "1"]
[WhiteTeam "Smolensk TsEM"]
[BlackTeam "Tomsk Siberia"]
[WhiteTeamCountry "RUS"]
[BlackTeamCountry "RUS"]

{Meulders} 1. Nf3 c5 2. c4 Nc6 3. Nc3 e5 4. d3 g6 5. g3 Bg7 6. Bg2 d6 7. O-O
Nge7 8. Rb1 O-O 9. Bd2 $6 {Ich glaube dies ist nur Tempoverlust. Besser
erscheint mir das sofortige 9.a3. Ein rezentes Beispiel ist Vasquez-Bellon:} (
9. a3 a5 10. Ne1 Be6 11. Nc2 d5 12. cxd5 Nxd5 13. Ne4 b6 14. Ng5 Bc8 15. Ne3
Nde7 16. b4 axb4 17. axb4 cxb4 18. Bd2 h6 19. Nf3 Be6 20. Bxb4 Nxb4 21. Rxb4 {
mit etwa gleichen Chancen. 1-0 Vasquez,R-Bellon Lopez,J/Santa Clara 1998/CBM
66 (58)}) 9... Rb8 10. a3 a5 11. Ne1 Be6 12. Nc2 {/\Ne3} d5 {Jetzt oder nicht
mehr!} 13. cxd5 Nxd5 {Die Stellung ist identisch mit Vasquez-Bellon bis auf
einen Punkt: der weisse B steht nicht auf c1 statt d2, was kein Plus ist, und
der schwarze R steht nicht auf a8 sondern auf b8 wo er den Vormarsch ...b5
unterstüzt. Dieser kleine Unterschied ist günstig für Schwarz und für mich der
Grund um nicht 9.Bd2 zu spielen, weil es in dieser Variante wenige Beispiele
gibt die Weiß Freude bereiten.} 14. Ne4 (14. Nxd5 Bxd5 15. b4 (15. Bxd5 Qxd5
16. Ne3 (16. b4 axb4 {1/2-1/2 Olafsson,H-De Firmian,N/Reykjavik 1998/CBM 64 
(16)}) 16... Qe6 17. Qc1 Nd4 $15 {0-1 Teske,H-De Firmian,N/Hamburg 1993/EXT 97
(33)}) 15... Bxg2 16. Kxg2 b5 (16... cxb4 17. axb4 axb4 18. Nxb4 Nxb4 19. Bxb4
Re8 $11 {1/2-1/2 Ribli,Z-Cebalo,M/Reggio Emilia 1985/MCD (29)}) 17. bxa5 Nxa5
18. Ne3 Re8 19. Qc1 Bf8 20. Bxa5 Qxa5 $15 {1/2-1/2 Evans,L-Karpov,A/San
Antonio 1972/MCD (34)}) (14. Ne3 Nxe3 (14... Nde7 15. Ne4 b6 16. b4 cxb4 17.
axb4 axb4 18. Bxb4 Nxb4 19. Rxb4 Nc6 $15 {0-1 Lau,D-Gschnitzer,O/Bad
Woerishofen 1991/TD (34)}) 15. Bxe3 Nd4 16. b4 axb4 17. axb4 cxb4 (17... c4 18.
Ne4 b5 $15 {0-1 Sunye Neto,J-De Firmian,N/Linares 1994/EXT 97 (35)}) 18. Rxb4
Qa5 19. Qa4 Qxa4 20. Rxa4 b5 $15 {1-0 Suttles,D-Ghizdavu,D/Lone Pine 1975/MCD 
(61)}) 14... b6 15. b4 {Konsequent, das ist est schon, aber Schwarz erlangt
einfach die Initiative, nicht am geringsten weil bald der weisse b-R auf b4
ungünstig steht.} (15. Ng5 Bc8 16. Ne3 Nxe3 (16... Nde7 17. Nf3 h6 18. Qc1 Be6
19. b3 f5 {mit aktiven Spiel, aber final 1-0, Kaenel,H-Bellon Lopez,J, Bern
1996/CBM 51 ext (60).}) 17. Bxe3 Bb7 18. Qa4 Nd4 19. Bxd4 Bxg2 20. Kxg2 exd4
21. Nf3 $15 {1/2-1/2 Shusterman,L-Ubilava,E/Riga 1975/MCD (31)}) 15... cxb4 16.
axb4 axb4 17. Nxb4 Ndxb4 18. Bxb4 Nxb4 19. Rxb4 f5 20. Nc3 e4 21. d4 (21. Nb5
Qe7 22. Qb1 Ra8 $15 (22... exd3 23. exd3 Rfd8 24. Re1 Qf7 25. Ra4 Rd7 {1/2-1/2
Navarovszky,L-Schmidt,W/Polanica Zdroj 1976/MCL (25)}) 23. dxe4 $4 (23. d4 Rfc8
24. e3 (24. Rd1 Bd5 25. e3 Ba2 26. Qb2 Bf8 $19 {0-1 Stempin,P-Cramling,P/Haifa
1989/EU-chT (51)}) 24... Ba2 25. Qb2 Bf8 $19 {aber trotzdem später 1-0,
Schmidt,W-Wedberg,T, Haifa 1989/EU ch-T (45)}) 23... Ra1 {0-1 Hanssen,G-Ernst,
T/Gausdal 1994/EXT 98 (23)}) 21... b5 22. Qb1 (22. e3 Bc4 23. Re1 Qa5 24. Qb1
Rfc8 25. Rc1 Bf8 $17) (22. Nxb5 Qa5 23. Qb1 Rf7 {/\....Rfb7 -+}) 22... Bxd4 $17
23. Nxb5 (23. Rd1 Bc4 24. e3 (24. Nxb5 Rxb5 25. Rxb5 Bxb5 26. Qb3+ Kh8 27. e3
Bd3 $17) 24... Bxc3 25. Rxd8 Rfxd8 $19) 23... Bc5 {Herrlich, die beide Laüfer!}
24. Rb2 Qb6 $19 25. Nd4 {Der Springer kann auf Termin seinen Verfolgern nicht
entkommen, aber jetzt hat Schwarz es doch sehr leicht.} (25. Qc2 Rfc8 26. Qa4
Bd7 $19) (25. e3 {(am besten, Schwarz muß genau spielen)} Ba3 $1 (25... Bc4 26.
Rd1 Bxe3 (26... Bxb5 27. Bf1 $14) 27. fxe3 Bxb5 28. Rd4 $13) 26. Ra2 $1 Bd6 $1
(26... Be7 27. Rb2 Bf6 28. Rb4 Bc3 (28... Bd7 29. Qb3+ Kg7 30. Rd1 Bxb5 31. Rb1
$15) 29. Rxe4 fxe4 30. Nxc3 $15) 27. Rd2 (27. Rb2 Be5 28. Rb4 Qa5 $1 29. Rd1
Ba2 30. Qc2 Qxb4 31. Qxa2+ Kh8 $19) 27... Be5 28. Na3 Qa6 29. Qc1 Rfc8 30. Nc2
Bc3 $19) 25... Qxb2 26. Qxb2 Rxb2 27. Nxe6 Rc8 28. e3 Bb6 29. h4 Rcc2 30. Nf4
Rxf2 $1 31. Rxf2 Bxe3 32. Nh3 Bxf2+ 33. Nxf2 Rb1+ (33... Rb1+ 34. Kh2 e3 $19)
0-1

[Event "Dos Hermanas op 4th"]
[Site "Dos Hermanas"]
[Date "2004.03.28"]
[Round "4"]
[White "Paunovic, Dragan"]
[Black "Milov, Vadim"]
[Result "0-1"]
[WhiteElo "2517"]
[BlackElo "2632"]
[Annotator "Milov,V"]
[PlyCount "23"]
[EventDate "2004.03.25"]
[EventType "swiss"]
[EventRounds "9"]
[EventCountry "ESP"]
[SourceTitle "CBM 099 Extra"]
[Source "ChessBase"]
[SourceDate "2004.05.04"]
[SourceVersion "1"]
[SourceVersionDate "2004.05.04"]
[SourceQuality "1"]

1. c4 g6 2. g3 Bg7 3. Bg2 c5 4. Nf3 Nc6 5. O-O e6 6. Nc3 Nge7 7. e3 O-O 8. d4
d6 9. d5 Na5 10. Nd2 exd5 $146 11. cxd5 (11. Nxd5 Nxd5 12. Bxd5 Be6 $15) 11...
Nf5 $6 (11... a6 12. a4 Bd7 $15) 12. Nb3 $13 0-1

[Event "Olympiad-23"]
[Site "Buenos Aires"]
[Date "1978.11.07"]
[Round "12"]
[White "Giardelli, Sergio Carlos"]
[Black "Jamieson, Robert Murray"]
[Result "0-1"]
[WhiteElo "2315"]
[BlackElo "2420"]
[Annotator "Minev,N"]
[PlyCount "74"]
[EventDate "1978.10.25"]
[EventType "team-swiss"]
[EventRounds "14"]
[EventCountry "ARG"]
[SourceTitle "EXT 2000"]
[Source "ChessBase"]
[SourceDate "1999.11.16"]
[SourceVersion "1"]
[SourceVersionDate "1999.11.16"]
[SourceQuality "1"]
[WhiteTeam "Argentina II"]
[BlackTeam "Australia"]
[WhiteTeamCountry "ARG"]
[BlackTeamCountry "AUS"]

{Inf.26/88} 1. c4 g6 2. g3 Bg7 3. Bg2 d6 4. Nc3 c5 5. a3 Nc6 6. Rb1 a5 7. d3
Rb8 8. Nf3 e5 9. O-O Nge7 10. Bd2 (10. Ne1 {/\ Nc2, b4}) 10... O-O 11. Ne1 Be6
12. Nc2 d5 13. cxd5 Nxd5 14. Nxd5 Bxd5 15. b4 Bxg2 16. Kxg2 b5 $1 $15 17. bxa5
(17. bxc5 Qd5+ 18. Kg1 Qxc5 19. Be3 Qd6 {/\ Rfc8, Nd4-/+}) 17... Nxa5 18. Ne3
Re8 19. Qc2 (19. Bxa5 $142 Qxa5 20. Qb3 $15) 19... Bf8 20. Qa2 Re6 21. f4 e4 $1
(21... exf4 22. gxf4 {/\ f5~~}) 22. f5 gxf5 (22... Re7 $2 23. fxg6 hxg6 24. Nd5
$16) 23. Rxf5 exd3 24. Rxf7 $1 c4 $1 (24... Kxf7 25. Rf1+ Ke7 26. Nf5+ Kd7 27.
Qd5+ Bd6 28. Nxd6 Rxd6 29. Rf7+ Kc8 (29... Ke8 30. Qf5 $18) 30. Qf5+ Rd7 31.
Bxa5 $18) 25. Rbf1 Qb6 (25... dxe2 26. Rxf8+ Qxf8 27. Rxf8+ Rxf8 28. Bxa5 Rxe3
29. Be1 $16) 26. exd3 $8 Rxe3 27. Bxa5 Qc6+ $1 (27... Qxa5 $2 28. Rxf8+ Rxf8
29. Rxf8+ Kxf8 30. Qf2+ $11) 28. Kh3 (28. Kg1 Bc5 $19) 28... Qe6+ 29. R7f5 Re2
30. Qb1 Qh6+ 31. Kg4 Rxh2 $19 32. dxc4 (32. Rg5+ Bg7 33. Bc3 Qe6+ 34. Rff5 h5+
$1 35. Rxh5 Rxh5 $19) 32... Qh3+ 33. Kf4 (33. Kf3 Qg2+ 34. Kg4 Qe2+ $19) 33...
Bh6+ 34. Ke4 Qg4+ 35. Kd5 Qxc4+ 36. Kd6 Rd2+ $1 37. Bxd2 Rb6+ (37... Rb6+ 38.
Ke5 (38. Kd7 Qc6+ 39. Ke7 Rb7+ 40. Kd8 Qd7#) 38... Re6#) 0-1

[Event "Berlin Titelturnier"]
[Site "Berlin"]
[Date "1993.04.19"]
[Round "11"]
[White "Moehring, Guenther"]
[Black "Lagunow, Alexander"]
[Result "0-1"]
[WhiteElo "2350"]
[BlackElo "2450"]
[Annotator "Moehring,G"]
[PlyCount "102"]
[EventDate "1993.04.09"]
[EventType "tourn"]
[EventRounds "11"]
[EventCountry "GER"]
[EventCategory "2"]
[SourceTitle "EXT 2007"]
[Source "ChessBase"]
[SourceDate "2006.11.23"]
[SourceVersion "1"]
[SourceVersionDate "2006.11.23"]
[SourceQuality "1"]

1. Nf3 g6 2. c4 Bg7 3. Nc3 c5 4. g3 Nc6 5. Bg2 a6 6. O-O Rb8 7. a4 d6 8. Rb1
Bd7 9. b3 Nh6 10. Bb2 Nf5 11. Ne4 Bxb2 12. Rxb2 b5 13. axb5 axb5 14. Ra2 O-O
15. d3 Nb4 16. Ra1 {R} Bc6 17. Qd2 Kg7 18. Qc3+ e5 19. e3 $6 (19. Nxe5 $1 dxe5
(19... Nd4 $2 20. Nf3 $16) (19... Bxe4 $2 20. dxe4 Nd4 21. Nf3 $16) 20. Qxe5+
f6 21. Qxc5 $14) 19... Qe7 $15 20. Ned2 Kg8 21. Rfd1 Rfe8 22. Nf1 Qb7 23. Ne1
Bxg2 24. Nxg2 Ra8 25. g4 $5 Nh6 $6 (25... Ng7 $142 26. Ng3 $140 (26. g5 Ne6 27.
h4 h6 $1 $17 28. gxh6 $140 f5 $1) 26... f5 27. gxf5 gxf5 $17) 26. h3 $2 (26. g5
$1 Nf5 27. Ng3 $13 {/\Ne4, ><f6}) 26... f5 $1 $17 27. g5 Nf7 28. h4 h6 29. gxh6
Nxh6 30. Ng3 Qf3 31. cxb5 Ng4 32. Rd2 Nd5 $19 33. Qc1 Ndxe3 34. Ne1 Rxa1 35.
Qxa1 Qf4 36. Qa4 Nxf2 37. Qxf4 Nh3+ 38. Kh1 Nxf4 39. Ra2 Rb8 40. Ra5 Ned5 41.
Nf3 Nc7 42. Nd2 Nxb5 43. Nc4 Nxd3 44. h5 f4 45. Ne4 gxh5 46. Ra1 Kf7 47. Rd1 d5
48. Nxe5+ Nxe5 49. Rxd5 Ke6 50. Rxc5 Nd6 (50... Kf5 $2 51. Rxb5 $17) 51. Nd2
Rc8 {2:12-2:26} 0-1

[Event "Gashimov Memorial 2nd"]
[Site "Shamkir"]
[Date "2015.04.23"]
[Round "6"]
[White "Adams, Michael"]
[Black "Vachier Lagrave, Maxime"]
[Result "1/2-1/2"]
[WhiteElo "2745"]
[BlackElo "2765"]
[Annotator "Mokal,P"]
[PlyCount "117"]
[EventDate "2015.04.17"]
[EventType "tourn"]
[EventRounds "9"]
[EventCountry "AZE"]
[EventCategory "21"]
[SourceTitle "CBM 166"]
[Source "ChessBase"]
[SourceDate "2015.05.11"]
[SourceVersion "1"]
[SourceVersionDate "2015.05.11"]
[SourceQuality "1"]

1. c4 {A minor surprise from Adams, a strong proponent of the king pawn
openings. He has played around a dozen games starting 1.c4.} g6 2. g3 Bg7 3.
Bg2 c5 4. Nc3 Nc6 5. Nf3 Nh6 {A surprise in return. Although Vachier Lagrave
has on rare occasions employed the Symmetrical Variation against the English
opening, this move is something that he has never played before.} 6. h4 $5 {
An interesting and creative move, that was first played by Mikhail Botvinnik
in 1956.} d6 7. d3 ({Another possible continuation is} 7. h5 $5 {which has
usually been answered by} Bg4 {One interesting game continued} 8. d3 Qd7 9. Ng5
Bxh5 10. f3 f6 11. Nh3 e5 $6 12. Nf2 f5 13. Bxh6 Bxh6 14. g4 $16 {1-0
Krivoshey,S (2493)-Topalov,V (2778)/Albox 2005/CBM 106 ext (42); and White
soon obtained a winning material advantage.}) 7... Bg4 ({Botvinnik vs Gligoric,
1956 went} 7... Rb8 8. h5 Bd7 9. Bxh6 Bxh6 10. hxg6 hxg6 11. Qc1 Bg7 12. Rxh8+
Bxh8 13. Qh6 Bxc3+ $5 14. bxc3 e6 15. Ng5 $14 {and Black's problems with his K
gave White had a slight edge in this complex struggle.}) 8. Bd2 Qd7 9. Rb1 {
A sort of waiting move. Black has developed most of his pieces. But castling
is still not easy} (9. O-O Bh3 {seems fine for Black.}) 9... Ng8 {[%cal Gh6g8,
Gg8f6] A lot of creativity is put forth in the opening phase of this encounter.
Realising that castling is not so appropriate at the moment, Black takes
advantage of his solid position to improve his worst-placed piece. The N on h6
has apparently done its job, and it now moves to f6 rather than f5, where it
would have embarrassed the light-squared bishop on g4.} (9... O-O 10. Qc1 Bxf3
(10... Nf5 11. Nh2 $14 {[%csl Rg4]}) 11. Bxf3 {^^}) (9... O-O-O {is a bit
risky. White will soon open up the << with b4.}) 10. Nd5 Nf6 11. Ne3 Bxf3 (
11... Be6 12. Ng5 $14 {does not help Black to retain the B.}) 12. Bxf3 O-O 13.
b4 (13. h5 $5 Ne5 14. h6 ({The pawn sacrifice is pretty unclear} 14. Bg2 Nxh5
15. b4 $5 cxb4 16. Bxb4 $13) 14... Nxf3+ 15. exf3 Bh8 16. b4 (16. Kf1 d5 $132)
(16. O-O $5) 16... b6 (16... cxb4 17. Bxb4 d5 18. Kf1 dxc4 19. dxc4 $14) 17.
Kf1 $13 {[%cal Gf1g2] with a playable position.}) 13... Nxb4 14. Bxb4 cxb4 15.
Rxb4 Rab8 16. O-O ({I like the typical English Opening move for White -} 16.
Qa4 $5 Qxa4 (16... Rfd8 17. Qxa7 Ne4 {[%cal Gg7c3]} 18. Rb5 Nc5 $44 {[%cal
Gb8a8]} 19. Qa5 Ra8 20. Qd2 Ra3 21. O-O Rda8 22. Rfb1 Rxa2 23. Qd1 $16 {
[%csl Rb7][%cal Gd3d4]}) 17. Rxa4 a6 18. Kd2 $14 {[%cal Gh1b1]}) 16... Bh6 17.
Nd5 Nxd5 18. Bxd5 e6 19. Bf3 b5 {Looking for active counterplay to equalise,
even at the cost of a pawn.} (19... b6 $5 {[%cal Gf3a8] is possible and may be
objectively equal but still it gives White the opportunity to dictate the play.
} {For example after} 20. a4 Rfc8 21. Qb3 Bd2 (21... Rc5 22. d4 Rc7 23. a5 Bd2
24. Rb5 Rbc8 25. axb6 axb6 26. Rxb6 Rxc4 27. d5 $14) 22. Rb5 Qd8 23. Rb1 {
[%cal Gh4h5,Ga4a5] The position may be equal but White can try to keep the
pressure with the threats of h5 or a5.}) 20. Qb1 a6 21. e3 {[%csl Rb8][%cal
Ga2a4]} (21. a4 $6 Bd2 22. Rb2 Bc3 23. Rb3 b4 $15) 21... Qa7 22. cxb5 Rxb5 23.
Rxb5 axb5 24. Bc6 d5 25. Bxb5 Qa3 {Black had to have evaluated this position
at move 19.} 26. Re1 (26. Rc1 d4 $36) (26. d4 Ra8 $11 {[%csl Ra2]}) 26... Rc8
27. d4 Bf8 28. Kg2 Kg7 29. Rd1 Bb4 30. Bd3 (30. Rd3 $5 Rc3 31. Rxc3 Bxc3 32.
Be8 Qb2 33. Qxb2 Bxb2 34. a4 Bc3 $11 {leads to a similar position to that in
the game. The only difference is that White can now move the g3-pawn. But the
possible variations reveal that it does not change the evaluation.} 35. g4 Kf8
36. Bb5 Ke7 37. g5 (37. h5 gxh5 38. gxh5 h6 39. f3 Kf6 40. Kf2 Kg5 41. Be8 f5
42. Ke2 Ba5 43. Bf7 Kf6 44. Bg8 Bb4 45. e4 dxe4 46. fxe4 fxe4 47. Ke3 Ke7 48.
Kxe4 Ba5 49. Kd3 Kd6 50. Kc4 Bb6 $11) 37... Ba5 38. f4 Kf8 39. Kf3 Kg7 40. e4
dxe4+ 41. Kxe4 Bc7 42. d5 exd5+ 43. Kxd5 Bxf4 44. a5 h6 45. a6 Be3 46. gxh6+
Kxh6 47. Be2 Ba7 48. Kc6 (48. Ke5 Kg7 $11) 48... g5 49. h5 f5 $11 {[%cal Gg5g4]
}) 30... h5 31. Bc2 Rc3 32. Bb3 Qa6 33. Qb2 Ba5 34. Rd2 ({Trying to work out
some way to get the major pieces out does not seem to help. Apart from the
fact that Black may get his own major pieces actively involved in White camp,
he can also simply prevent White from achieving his desired objective -} 34.
Rb1 $5 Qd3 (34... Rd3 $2 35. Qe2 $18) 35. Bd1 {[%cal Gb2b8]} Qe4+ (35... Rc6
36. Qb8 $14) 36. Bf3 Qc2 (36... Qd3 37. Qb8 $14) 37. Qa1 (37. Qxc2 Rxc2 38. a4
Ra2 $11) 37... Qd2 {[%cal Gc3c2]} 38. Rb2 Rc2 39. Rxc2 Qxc2 40. a4 Kf6 $11 {
White would soon have to exchange Qs leading to positions similar to the game.}
) 34... Qc6 35. Rd1 Qb5 36. Kh2 Qa6 37. Kg2 Qb5 38. Rc1 Rxc1 39. Qxc1 Qe2 {
[%cal Ga5e1]} 40. Qc2 Qxc2 41. Bxc2 f5 $1 {[%csl Rd4,Re3,Rf2,Rg3,Rh4][%cal
Ga5e1] The problem for White here is that his >> pawn chain is fixed on the
dark squares, so getting his K to a4 for an entry on the << becomes almost
impossible. White cannot put his K on g2 and try to play f3-e4 as his d4-pawn
will fall. Even after some manoeuvring White may try to get one or two pawns
on the >> off the dark squares but not all of them. Which means that the extra
pawn on the << will get no support for an advance. There is no real progress
for White.} 42. Ba4 Kf7 43. Bc6 Bb4 44. a4 Ba5 45. Kf1 Ke7 46. Ke2 Kf6 47. Be8
Bb4 48. f3 Ba5 49. e4 fxe4 50. fxe4 dxe4 51. Ke3 Bc7 {[%csl Rg3,Rh4] As noted
above, remnants of the >> pawn mass are still on the dark squares.} 52. Kxe4
Bxg3 53. a5 Bb8 54. a6 Ba7 55. Kd3 g5 56. hxg5+ Kxg5 57. Bf7 Kf6 58. Bxh5 Ke7
59. Ke4 {[%csl Rd4] With hindsight one can say that the pawn sacrifice 19...b5
was a result of fine judgement by Black, although it was not the only way to
draw the game.} 1/2-1/2